| 000 | 00357nam a22001337a 4500 | ||
|---|---|---|---|
| 020 | _a9789694026602 | ||
| 082 |
_a923.105491 _bKHA |
||
| 100 | _aKhan, MD Umair | ||
| 245 |
_aSecular Muslim: _bJinnah, his Politics and Pakistan / _cMD Umair Khan |
||
| 260 |
_aLahore: _bVanguard Books, _c2023. |
||
| 300 | _a223 p. | ||
| 563 | _aHB. | ||
| 942 |
_2ddc _cBK |
||
| 999 |
_c614088 _d614088 |
||